Top 10 Biggest Chilean Metropolitan Areas - Statistics

General Stats
  • This quiz has been taken 9 times
  • The average score is 8 of 10
Answer Stats
City Population % Correct
Concepcion 1,000,000
100%
Santiago 7,200,000
100%
Valparaiso 1,000,000
100%
Antofagasta 500,000
78%
Arica 200,000
67%
La Serena 500,000
67%
Puerto Montt 200,000
67%
Temuco 300,000
67%
Rancagua 200,000
56%
Talca 200,000
56%
No matching quizzes found
Score Distribution
Percent of People with Each Score
Percentile by Number Answered
Your Score History
You have not taken this quiz